Statistiques concernant Trouvé dans la garde-robe

Cliquez ici pour prendre le quiz!

Statistiques générales

  • Ce quiz a été pris 9 fois
  • Le résultat moyen est 5 sur 11

Statistiques - réponses

Answer % Correct
les chaussettes
88%
le pantalon
88%
la chemise
63%
le manteau
50%
la cravate
50%
le jean
38%
les chassures
38%
la veste
38%
la ceinture
13%
le chapeau
13%
le miroir
0%

Distribution des résultats

Percentile by Number Answered

% des personnes avec chaque résultat

Votre développement - résultats

Vous n’avez pas pris ce quiz